Public communication campaigns
-д хадгалсан:
| Үндсэн зохиолчид: | , |
|---|---|
| Формат: | Ном |
| Хэл сонгох: | англи |
| Хэвлэсэн: |
Londres
Sage
2013
|
| Хэвлэл: | 4a. ed |
| Нөхцлүүд: | |
| Шошгууд: |
Шошго нэмэх
Шошго байхгүй, Энэхүү баримтыг шошголох эхний хүн болох!
|
MARC
| LEADER | 00000cam a2200000 a 4500 | ||
|---|---|---|---|
| 001 | UCE6071 | ||
| 003 | CL-VaPUC | ||
| 008 | 150319e20130000uk |||||||||||||||||eng|d | ||
| 020 | |a 9781412987707 | ||
| 082 | 0 | 4 | |a 659.1 |b RIC |2 21 |
| 100 | 0 | |a Rice, Ronald E |e author |9 578738 | |
| 700 | 0 | |a Atkin, Charles K |e author |9 578739 | |
| 245 | 1 | 0 | |a Public communication campaigns |
| 250 | |a 4a. ed | ||
| 300 | |a 376 p | ||
| 942 | |c BK | ||
| 945 | |d 20150319 12:57:00 |a arojas | ||
| 260 | |a Londres |b Sage |c 2013 | ||
| 650 | 0 | |a Publicidad |9 314572 | |
| 650 | 0 | |a Relaciones públicas |9 331772 | |
| 650 | 7 | |a SERVICIO PUBLICO |2 CL-VaPUC |9 352912 | |
| 583 | |a last modification |c 20150319 12:57:00 |k Rodrigo Vera | ||
| 999 | |c 358539 |d 358537 | ||
| 952 | |0 0 |1 0 |3 erb |4 0 |6 659_100000000000000_RIC_2013 |7 0 |8 A |9 467315 |a BIBCUR |b BIBCUR |i 5141044 |o 659.1 RIC 2013 |p 5141044 |r 2025-04-22 |w 2019-11-23 |y BK |z Catalogado en:20150319 |k PER | ||
| 952 | |0 0 |1 0 |3 erb |4 0 |6 659_100000000000000_RIC_2013 |7 0 |8 A |9 467316 |a BIBCUR |b BIBCUR |i 5141052 |o 659.1 RIC 2013 |p 5141052 |r 2025-04-22 |w 2019-11-23 |y BK |z Catalogado en:20150319 |k PER | ||